000
00182 a2200097 4500
020
_a
0-440-29555-6
041
_a
eng
100
_a
Grisham, John
245
_a
The partner
942
_c
BK
999
_c
16510
_d
16510